000
00261nam a2200109Ia 4500
008
221102s9999 xx 000 0 und d
041
_a
eng
082
_b
Pad
100
_a
Padmanabhan Manjula
_9
95145
245
_a
Harvest
260
_b
Hhachette india
_c
1905-07-09
999
_c
82281
_d
82281